Statistics for Syracuse Hancock Int. Airport Destinations (Syracuse, NY, USA)

Click here to take the quiz!

General Stats

  • This quiz has been taken 21 times
  • The average score is 19 of 28

Answer Stats

AirlineDestination% Correct
American Eagle/JetBlueBoston
93%
Delta Air LinesAtlanta
86%
American Eagle/United Airlines/United ExpressChicago (O'Hare)
86%
American AirlinesDallas/Fort Worth
86%
American EagleMiami
86%
American Airlines/American EagleCharlotte
79%
Delta Air Lines/Delta ConnectionDetroit
79%
Frontier Airlines/JetBlue/Southwest AirlinesOrlando
79%
Allegiant AirOrlando/Sanford
79%
American EaglePhiladelphia
79%
Southwest AirlinesBaltimore
71%
Frontier Airlines/United AirlinesDenver
71%
Allegiant AirFort Lauderdale
71%
Delta Connection/JetBlueNew York (JFK)
71%
Delta Air Lines/Delta ConnectionNew York (LaGuardia)
71%
United Airlines/United ExpressWashington (Dulles)
71%
American Airlines/American EagleWashington (National)
71%
Breeze AirwaysLas Vegas
64%
Breeze Airways/Southwest AirlinesTampa
64%
Allegiant AirNashville
57%
United Airlines/United ExpressNewark
57%
Breeze AirwaysCharleston (SC)
50%
Allegiant AirMyrtle Beach
50%
Frontier AirlinesRaleigh/Durham
50%
Allegiant AirSarasota
50%
Allegiant AirPunta Gorda (FL)
43%
Breeze AirwaysNorfolk
36%
Allegiant AirSt. Petersburg/Clearwater
36%

Score Distribution

Percentile by Number Answered

Percent of People with Each Score

Your Score History

You have not taken this quiz